000 00256nam a22001097a 4500
008 170117b xxu||||| |||| 00| 0 eng d
020 _a9780763733414
041 _aeng
080 _22ND
_a618.2
245 _aNURSE PRACTITIONER'S
_cBUPPERT, C
942 _2udc
_cBK
999 _c2996
_d2996